| 000 | 00595nam a22002057a 4500 | ||
|---|---|---|---|
| 003 | OSt | ||
| 005 | 20140310181910.0 | ||
| 008 | 130322t xxu||||| |||| 00| 0 eng d | ||
| 020 | _a9717890889 | ||
| 050 |
_aBV 652.1 _b.H992 2002 |
||
| 082 |
_aTR 158 _bH99 2002 |
||
| 245 |
_aCourageous leadership / _cBill Hybels. |
||
| 260 |
_aGrand Rapids, Mich. _bZondervan _cc2002 |
||
| 300 |
_a 253 p. _c21 cm. |
||
| 520 | _a1. Leadership--Moral and ethical aspects. 2. Leadership--Religious aspects--Christianity. | ||
| 521 | _aFaculty | ||
| 541 | _j1 | ||
| 562 | _e1 | ||
| 942 |
_2lcc _cBK-TR _kTR |
||
| 999 |
_c6456 _d6456 |
||